Matka NAJKRAJŠIEHO MILOVANIA

Bibliographic Details
Main Author: Korba, Emil, 1930-1978 (Author)
Format: Article
Language:Slovak

MARC

LEADER 00000nab a2200000uu 4500
001 vtls011478699
003 SK-MaSNL
005 20260303154937.0
008 230222|1970 xo |||||||||||||||||slo|
015 |a SNBRB 
035 |a (urnnbn)urn:nbn:sk:snk:ar-003mkh 
035 |a (uuid)e4d13dae-dd84-4623-845b-f80b1258e482 
035 |a urn:nbn:sk:snk-abd6nr 
040 |a SNKBUCL  |b slo  |c SNKBUCL  |e AACR2 
041 0 |a slo 
044 |a xo  |c SK 
100 1 |a Korba, Emil,  |d 1930-1978  |4 aut  |9 122490 
245 1 0 |a Matka NAJKRAJŠIEHO MILOVANIA  |c Emil Korba 
773 0 |t Slovo : časopis gréckokatolíckej cirkvi  |g Roč. 2, č. 9 (1970), s. 5 
954 |a odborná, vedecká literatúra pôvodná (slovenská)  |2 lita 
958 |a OND 
958 |a EUIPO 
958 |a article18 
999 |c 2037704  |d 2039634